| 000 | 00710nam a22001937a 4500 | ||
|---|---|---|---|
| 999 |
_c187486 _d187486 |
||
| 005 | 20220421105011.0 | ||
| 010 | _aENG-132346 | ||
| 020 |
_a9788192054032 _c180.00 |
||
| 035 | _aEN-115878 | ||
| 037 | _bDBAD/PUB | ||
| 082 | _a530.2462 | ||
| 100 | _aNaidu, D. Thirupathi | ||
| 245 |
_aEngineering Physics-II: _bFor I B.TEch (2nd Sem) Students of JNTU, Kakinada/ _cD. Thirupathi Naidu and M. Veeranjaneyulu |
||
| 260 |
_aVijayawada _bV.G.S. Book Links _c2012 |
||
| 270 |
_a5-6-59/3, Second Floor, Tammina Krishna Street, Behind Sairam Theatre _bVijayawada _e520009 _mvgstechnoseries@gmail.com |
||
| 300 |
_avp. _c24cm(pbk) |
||
| 700 | _aVeeranjaneyulu, M. | ||
| 942 |
_2ddc _cEN _h530.2462 _mNAI |
||